000 005770000a22002050004500
003 LK-CoMWRAF
005 20231013122922.0
008 230817t2000 ||||| |||| 00| 0 eng d
020 _a1891229524
040 _aLK-CoMWRAF
_dLK-CoMWRAF
_eLK-CoMWRAF
041 _aeng
082 _a297.577
_bALJ
100 _aAl-jibaly, Muhammad
245 _aCloser than a garment :
_bMarital intimacy according to the pure sunnah
260 _aTexas :
_bAl Kitab & as-Sunnah,
_c2002
300 _a192p
490 _aThe Muslim family - 2
650 _aIslam-family-marrege
942 _cBK
999 _c974
_d974